Statistiken für Wo liegen diese historischen Städte?

Klicken Sie hier um das Quiz zu spielen!

Allgemein

  • Dieses Quiz wurde 199 mal gespielt
  • Das Durchschnittsergebnis liegt bei 9 aus 20

Antwortstatistiken

StadtLand% Korrekt
PompeiItalien
96%
SpartaGriechenland
91%
Machu PicchuPeru
86%
KarthagoTunesien
78%
Chichén ItzáMexiko
70%
PetraJordanien
67%
AngkorKambodscha
66%
MemphisÄgypten
55%
PersepolisIran
54%
AntiochiaTürkei
43%
PalmyraSyrien
41%
NiniveIrak
37%
VijayanagarIndien
36%
HaitabuDeutschland
31%
TikalGuatemala
26%
AyutthayaThailand
25%
ByblosLibanon
19%
AxumÄthiopien
14%
DjennéMali
10%
MerwTurkmenistan
6%

Verteilung der Resultate

Perzentil nach korrekt beantworteten Fragen

Anzahl Personen mit jedem Resultat

Ihre Resultats-Entwicklung

Sie haben dieses Quiz noch nicht gespielt